[Event "Asia-ch U26 (Women)"]
[Site "Negombo"]
[Date "2003.??.??"]
[Round "?"]
[White "Gomes, Mary Ann"]
[Black "Pratihba, Yuvaraj"]
[Result "0-1"]
[WhiteElo "2045"]
[BlackElo "2140"]
[PlyCount "130"]
[EventDate "2003.07.??"]
[EventType "swiss"]
[EventRounds "7"]
[EventCountry "SRI"]
[SourceTitle "EXT 2007"]
[Source "ChessBase"]
[SourceDate "2006.11.23"]
[SourceVersion "1"]
[SourceVersionDate "2006.11.23"]
[SourceQuality "1"]

1. c4 e6 2. g3 f5 3. Bg2 Nf6 4. Nc3 d5 5. d4 c6 6. cxd5 exd5 7. Nh3 Bd6 8. Bf4 0-0 9. Bxd6 Qxd6 10. 0-0 Nbd7 11. f3 Nb6 12. b3 Bd7 13. Qd2 Rae8 14. Rae1 Re7 15. Nf2 c5 16. a4 a6 17. Kh1 Rc8 18. a5 cxd4 19. Na2 Na8 20. Qxd4 Qc5 21. Qxc5 Rxc5 22. b4 Rc2 23. Nc1 Bb5 24. g4 fxg4 25. fxg4 Nc7 26. g5 Ne4 27. Nxe4 dxe4 28. Rd1 Bc6 29. Nb3 Rb2 30. Nc5 Rxb4 31. Rd8+ Re8 32. Rxe8+ Bxe8 33. Nxe4 Bc6 34. Ng3 Bxg2+ 35. Kxg2 Rb5 36. Rf5 Rxf5 37. Nxf5 Nb5 38. Kf3 g6 39. Ne7+ Kf7 40. Nd5 Nd4+ 41. Ke3 Nb3 42. Nf6 h5 43. Ke4 Ke6 44. Nh7 Nxa5 45. Nf8+ Kf7 46. Nd7 Nc6 47. Nc5 Nd8 48. Kd5 Ke7 49. e4 a5 50. Kc4 Kd6 51. Kb5 Ne6 52. Nxb7+ Ke5 53. h4 Kxe4 54. Kxa5 Kf4 55. Nd6 Nxg5 56. Kb4 Nf3 57. Kc3 Nxh4 58. Kd2 Nf3+ 59. Ke2 g5 60. Nc4 g4 61. Ne3 h4 62. Ng2+ Ke4 63. Kf2 g3+ 64. Kf1 h3 65. Ne3 h2 0-1

[Event "Wch U20 Girls 19th"]
[Site "Goa"]
[Date "2002.12.12"]
[Round "6"]
[White "Babic, Marijana"]
[Black "Pratihba, Yuvaraj"]
[Result "1-0"]
[WhiteElo "2141"]
[BlackElo "2223"]
[PlyCount "85"]
[EventDate "2002.12.09"]
[EventType "swiss"]
[EventRounds "13"]
[EventCountry "IND"]
[SourceTitle "CBM 091 Extra"]
[Source "ChessBase"]
[SourceDate "2003.01.09"]
[SourceVersion "1"]
[SourceVersionDate "2003.01.09"]
[SourceQuality "1"]

1. e4 e6 2. d3 d5 3. Nd2 c5 4. Ngf3 Nc6 5. g3 Bd6 6. Bg2 Nge7 7. 0-0 0-0 8. Nh4 d4 9. f4 f6 10. a4 e5 11. Nc4 Bc7 12. f5 Bd7 13. g4 Nc8 14. Nf3 Nd6 15. Nxd6 Bxd6 16. g5 fxg5 17. Nxg5 Qe8 18. Rf3 h6 19. Nh3 Qh5 20. Qf1 Be7 21. Rg3 Rf6 22. Bf3 Qf7 23. Qg2 Kh8 24. Nf2 Rd6 25. Bd2 Bh4 26. Rg4 Bxf2+ 27. Kxf2 Rg8 28. Rg1 Ne7 29. Ke2 Bxa4 30. b3 Be8 31. Rh4 b5 32. Qh3 Qf8 33. Bg5 Bd7 34. Qg3 Nc6 35. Bh5 c4 36. Bg6 cxd3+ 37. cxd3 a5 38. f6 Rxf6 39. Bxf6 Qxf6 40. Rf1 Qd6 41. Rf7 Rf8 42. Rxh6+ Kg8 43. Rh8+ 1-0